Welcome to CU Library Online Public Access Catalogue (OPAC)

Modern public finance / (Record no. 2740)

MARC details
000 -LEADER
fixed length control field 00617nam a2200217 a 4500
001 - CONTROL NUMBER
control field 3753182
005 - DATE AND TIME OF LATEST TRANSACTION
control field 20250121115021.0
008 - FIXED-LENGTH DATA ELEMENTS--GENERAL INFORMATION
fixed length control field 830421s1983 ilua b 001 0 eng
020 ## - INTERNATIONAL STANDARD BOOK NUMBER
International Standard Book Number 0256028087
050 00 - LIBRARY OF CONGRESS CALL NUMBER
Classification number HJ141
Item number .H4 1983
082 00 - DEWEY DECIMAL CLASSIFICATION NUMBER
Classification number 336
Edition information 19
100 1# - MAIN ENTRY--PERSONAL NAME
Personal name Herber, Bernard P.
245 10 - TITLE STATEMENT
Title Modern public finance /
Statement of responsibility, etc. Bernard P. Herber.
250 ## - EDITION STATEMENT
Edition statement 5th ed.
260 ## - PUBLICATION, DISTRIBUTION, ETC.
Place of publication, distribution, etc. Krishan Nagar
Name of publisher, distributor, etc. A.I.T.B.S Publishers and Distributors
Date of publication, distribution, etc. 1999.
300 ## - PHYSICAL DESCRIPTION
Extent xv, 468 p. :
Other physical details ill. ;
Dimensions 24 cm.
440 #0 - SERIES STATEMENT/ADDED ENTRY--TITLE
Title Irwin publications in economics
500 ## - GENERAL NOTE
General note includes index
650 #0 - SUBJECT ADDED ENTRY--TOPICAL TERM
Topical term or geographic name entry element Finance, Public.
942 ## - ADDED ENTRY ELEMENTS (KOHA)
Source of classification or shelving scheme Library of Congress Classification
Koha item type Books
Suppress in OPAC No
999 ## -
-- 2740
-- 2740
Holdings
Withdrawn status Lost status Source of classification or shelving scheme Damaged status Not for loan Collection Home library Current library Shelving location Date acquired Total checkouts Full call number Barcode Date last seen Copy number Price effective from Koha item type
    Library of Congress Classification     Non-fiction Undergraduate Library (Christ Temple) Undergraduate Library (Christ Temple) General stacks 01/21/2025   HJ141 HER ulct00000847 01/21/2025 1 01/21/2025 Books
    Library of Congress Classification     Non-fiction Undergraduate Library (Christ Temple) Undergraduate Library (Christ Temple) General stacks 01/21/2025   HJ141 HER ulct00000848 01/21/2025 2 01/21/2025 Books
© 2023-2024 Copyright: Central University Libraries. All Rights Reserved | Created by: Mahone Tech Office